| 000 | 00827nam1a22002411 4500 | ||
|---|---|---|---|
| 001 | rc\4529165 | ||
| 005 | 20130416181548.8 | ||
| 035 | _a(NLR Aleph) 008355542 | ||
| 090 |
_a8964838 _c8964838 |
||
| 100 | _a20130416d1966 |||y0rusy50 ca | ||
| 101 | 0 | _arus | |
| 102 | _aRU | ||
| 105 | _ay z ||||| | ||
| 200 | 1 |
_aКонспект лекций по микробиологии _eЧ. 1- _fУн-т дружбы народов им. Патриса Лумумбы. Кафедра микробиологии |
|
| 210 |
_aМосква _cБ. и. _d1966 |
||
| 215 | _d21 | ||
| 300 | _aОтпеч. множит. аппаратом | ||
| 700 | 1 |
_aКиктенко _bВ. С. _f1910- _gВасилий Сильвестрович |
|
| 801 | 0 |
_aRU _bNLR _gpsbo |
|
| 801 | 1 |
_aRU _bELAR _2rusmarc |
|
| 852 |
_aNLR _j66-5/2515 |
||
| 942 | _cBOOK | ||
| 980 | _aNB | ||